| 000 | 00497nam a22001817a 4500 | ||
|---|---|---|---|
| 003 | NUST - PNEC | ||
| 005 | 20170116180813.0 | ||
| 008 | 150511b xxu||||| |||| 00| 0 eng d | ||
| 040 | _cLIBRARY | ||
| 082 | _a510 SOK | ||
| 100 |
_93516 _aSokolnikoff, I.S. |
||
| 245 |
_aMathematics of physics & modern Engineering _cI.S. Sokolnikoff |
||
| 250 | _a2nd ed | ||
| 260 |
_aLondon _bMcGraw-Hill Book Company _cc1958. |
||
| 300 | _a752 p. : | ||
| 650 |
_93517 _aMathematics _xME / EE |
||
| 942 |
_2ddc _cBK |
||
| 999 |
_c63444 _d63444 |
||